[Event "SWE-ch"]
[Site "Linkoping"]
[Date "2001.07.06"]
[Round "7"]
[White "Akesson, Ralf"]
[Black "Wedberg, Tom Birger"]
[Result "0-1"]
[WhiteElo "2463"]
[BlackElo "2505"]
[Annotator "Ribli,Z"]
[PlyCount "76"]
[EventDate "2001.06.30"]
[EventType "tourn"]
[EventRounds "13"]
[EventCountry "SWE"]
[EventCategory "8"]
[SourceTitle "CBM 085"]
[Source "ChessBase"]
[SourceDate "2001.11.13"]
[SourceVersion "1"]
[SourceVersionDate "2001.11.13"]
[SourceQuality "1"]

1. Nf3 c5 2. c4 Nc6 3. d4 cxd4 4. Nxd4 Nf6 5. Nc3 e6 6. a3 {Dieser Wartezug
erfreut sich in letzter Zeit großer Popularität. Weiß legt sich noch nicht
fest, wie er seine Figuren entwickeln wird, sondern unterbindet zunächst die
Fesslung durch Bb4.} Bc5 (6... Be7) (6... d5) 7. Nb3 Be7 {Schwarz scheint ein
Tempo verloren zu haben, denn er spielte 6...Bc5 und 7...Be7. Aber der weiße
Springer steht weniger stark auf b3 als auf d4.} 8. e4 (8. Bf4 O-O 9. Rc1 d5
10. cxd5 Nxd5 11. Nxd5 exd5 12. e3 Bf6 $11) 8... O-O 9. Be2 b6 10. O-O Ba6 {
Das ist aktiver als 10...Bb7.} (10... Bb7 11. Be3 d6 12. f4 Rc8 13. Bf3 Qc7 14.
Rc1 Qb8 15. Qe2 Nd7 $11) 11. f4 (11. Bf4 d6 12. Rc1 Ne5 13. Nd2 Rc8 $11) 11...
d6 12. Be3 Rc8 13. Kh1 (13. Rc1 Nb8 (13... Re8 14. Kh1 Bf8 15. Qe1 Nb8 16. Nd2
Nbd7 17. Qg3 Qc7 18. Rce1 Qb8 19. Qh4 Be7 20. Qh3 Bb7 {0-1 Smejkal,J-Chandler,
M/Germany 1991/GER-chT (68)}) (13... Qd7 14. Qe1 Qb7 15. Nd2 Na5 16. e5 dxe5
17. fxe5 Nd7 18. Qg3 {1-0 Chuchelov,V-Gofshtein,L/Noyon FRA 2001/(25)}) 14. Nd2
Bb7 15. Bf3 Nbd7 16. Qe2 a6 17. Bf2 Qc7 18. Rfe1 Rfd8 19. Kh1 Qb8 20. Bg3 Nf8
21. Nb3 Qa8 {0-1 Agdestein,S-Emms,J/Cappelle la Grande 1993/TD (39)}) (13. Bd3
Nd7 14. Rc1 Nc5 15. Nxc5 bxc5 16. Rf2 Qa5 17. Bd2 Qc7 18. Qa4 Qa5 19. b4 {
1-0 Stohl,I-Fancsy,I/Hungary 1998/EXT 2000 (44)}) (13. Bf2 Qc7 (13... Nb8 14.
Nd2 Bb7 15. Rc1 Nbd7 16. b4 h6 17. Bd3 a6 18. Qe2 Re8 19. Rfd1 {1-0 Vallejo
Pons,F-Matamoros Franco,C/Havana 1999/CBM 70 ext (38)}) 14. Rc1 Qb8 15. Nd2 Bb7
16. b4 Qa8 17. Re1 Nb8 18. Bd3 Nbd7 19. Re3 $6 Rfd8 {1/2-1/2 Horvath,J-Hracek,
Z/Budapest 2000/CBM 78 (19)}) 13... Nb8 {Das ist ein für solche Stellungen
typisches Springermanöver - Schwarz verbessert damit seine Springerstellung.
Der Springer steht in der Tat auf d7 viel elastischer als auf c6.} 14. Nd2 Nbd7
$11 {Wir haben eine typische Igelstellung vor uns - Weiß kontrolliert mehr
Raum, aber die schwarze Stellung ist elastisch.} 15. g4 {Ein aggressiver Zug,
der mir nicht gefallen will. Meiner Meinung nach ist die weiße Frontlinie zu
breit.} (15. Qa4 $6 Bb7 16. Qxa7 Bc6 17. Nb5 Nxe4 $13) (15. Rc1 $5) 15... g6
16. g5 Ne8 {[%cal Ge8g7]} 17. Qe1 Ng7 18. Qg3 f5 $1 {Ein sehr starker Zug -
die schwarze Drohung ist 19...fxe4 nebst 20...Nf5.} 19. gxf6 Bxf6 {Nun muss
Weiß immer mit Bxc3 rechnen.} (19... Nxf6) 20. Rac1 Qe7 21. Qh3 (21. b4 $5 {
Das ist zwar kein Angriffszug - aber Weiß kann damit den Springerzug Nc5
verhindern.}) 21... Bb7 $15 {[%csl Rh1][%cal Gb7h1] Endlich nimmt der
weißfeldrige Läufer sein natürliches Feld ein - der weiße König steht
unglücklich auf h1.} 22. Bf3 (22. b4 d5 23. exd5 Bxc3 24. Rxc3 exd5 25. Bf3 Nf5
$15) 22... Nc5 {[%csl Gc5][%cal Gc5d3]} 23. Rc2 (23. Bxc5 bxc5 $15) 23... Nd3 {
Der Springer steht aktiv auf d3 - Weiß muss mit 24...Nxb2 25.Rxb2 Bxc3 rechnen.
.} 24. Nd1 b5 {[%cal Gc8c2]} (24... d5 $5) 25. b3 a5 {Weiß muss nun immer die
Motive b5-b4 und a5-a4 im Auge behalten.} 26. Nf2 Nxf2+ 27. Bxf2 b4 {[%mdl 32]
Damit blockiert Schwarz den Damenflügel und festigt das Feld c3 für seinen
Läufer.} 28. axb4 axb4 {[%csl Yc3]} 29. Be3 (29. Nb1 Ra8 $15) 29... Bc3 30. Nb1
e5 (30... Bf6) 31. Nxc3 bxc3 32. Rxc3 (32. Bg2 exf4 33. Rxf4 Rxf4 34. Bxf4 Nf5
35. Rxc3 Bxe4 $15) 32... exf4 33. Bd2 Ne6 $1 $17 {[%csl Ge6][%cal Re6g5,Rg5f3,
Rg5h3,Re6d4] Der zuvor passive Springer kommt nun stark ins Spiel.} 34. Re1 (
34. Bg2 Ra8 $17 {[%cal Ga8a2,Ga2h2]}) 34... Nd4 (34... Ng5 $5 35. Qh4 Rce8 $17)
35. Bg4 $2 (35. Rd3 Nxf3 36. Rxf3 Rce8 37. Rxf4 Rxf4 38. Bxf4 Bxe4+ 39. Kg1 $15
) 35... Rce8 (35... Bxe4+ 36. Kg1 Rce8 $19) 36. Kg1 Qe5 {[%csl Rg1][%cal Ge5c5,
Gc5g1]} (36... Bxe4 $19) 37. Bd1 Qc5 38. Kf1 $6 (38. b4 $5 Qb6 39. c5 dxc5 40.
bxc5 $17) 38... Bxe4 $19 {[%csl Gc5,Gd4,Ge4,Rf1][%mdl 128]} 0-1

[Event "Athens Akropolis 15th"]
[Site "Athens"]
[Date "1992.05.21"]
[Round "7"]
[White "Moutousis, Konstantinos"]
[Black "Wojtkiewicz, Aleksander"]
[Result "1-0"]
[WhiteElo "2405"]
[BlackElo "2495"]
[Annotator "Ribli,Z"]
[PlyCount "45"]
[EventDate "1992.05.14"]
[EventType "tourn"]
[EventRounds "9"]
[EventCountry "GRE"]
[EventCategory "8"]
[SourceTitle "CBM 030"]
[Source "ChessBase"]
[SourceDate "1992.10.01"]
[SourceVersion "1"]
[SourceVersionDate "1992.10.01"]
[SourceQuality "1"]

1. c4 {Anand} c5 2. Nf3 Nc6 3. d4 cxd4 4. Nxd4 Nf6 5. Nc3 e6 6. g3 Qb6 7. Nb3
Ne5 8. e4 Bb4 9. Qe2 d6 10. f4 Nc6 11. Be3 Bxc3+ (11... Qc7 12. Bg2 Na5 13.
Nxa5 Bxa5 14. Rc1 Bd7 15. O-O Bb6 16. Nb5 $14 {Zakharcov,V-Beshukov,S Smolensk
1991 CBM/24}) 12. bxc3 Qc7 13. Bg2 O-O (13... e5 14. c5 dxc5 15. Bxc5 Bg4 16.
Qe3 b6 17. Ba3 $14 {Smejkal,J-Gdanski,J Polanicza Zdroj 1991 CBM/26}) (13... b6
$6 14. e5 dxe5 15. fxe5 Nd7 16. Nd4 Nxd4 17. cxd4 Bb7 18. Bxb7 Qxb7 19. O-O O-O
20. Qg4 Kh8 21. Rf2 $5 Qc6 22. Raf1 f6 23. exf6 Nxf6 24. Bh6 $1 Rg8 25. Qh4 Ne8
26. Rf8 $16 {Rohde,M-Gulko,B Cambridge 1991 52/49}) 14. O-O $5 (14. c5 dxc5 15.
Bxc5 Rd8 16. e5 Na5 $1 17. Qb5 Nxb3 18. axb3 Bd7 $10 {Azmayparashvili,
Z-Arnason,J Reykjavik op 1990 EXP/18}) 14... e5 (14... b6 $5 {Anand}) 15. f5 $5
(15. c5 {Anand} dxc5 16. Bxc5 Re8) 15... b6 16. g4 Ba6 17. g5 Ne8 (17... Nd7
18. Rf3 Na5 (18... Rfc8 {Anand} 19. Rh3 Nf8) 19. Nxa5 bxa5 20. Rh3 Rfe8 21. Qh5
Nf8 22. f6 $18 Re6 23. Rf1 Rae8 24. fxg7 Kxg7 25. Rf6 $36) 18. Rf3 Na5 19. Nxa5
bxa5 20. Rh3 g6 21. Qf2 Qxc4 (21... f6 $16 {Anand}) 22. Qh4 h5 23. gxh6 (23.
gxh6 {Anand} Kh7 24. Bf1 Qc6 25. fxg6+ $18) 1-0

[Event "Brno"]
[Site "Brno"]
[Date "1992.??.??"]
[Round "8"]
[White "Kortschnoj, Viktor Lvovich"]
[Black "Schlosser, Philipp"]
[Result "1/2-1/2"]
[WhiteElo "2575"]
[BlackElo "2500"]
[Annotator "Ribli,Z"]
[PlyCount "116"]
[EventDate "1992.08.??"]
[EventType "tourn"]
[EventRounds "9"]
[EventCountry "CZE"]
[EventCategory "11"]
[SourceTitle "CBM 031"]
[Source "ChessBase"]
[SourceDate "1992.12.01"]
[SourceVersion "1"]
[SourceVersionDate "1992.12.01"]
[SourceQuality "1"]

1. c4 c5 2. Nf3 Nc6 3. d4 cxd4 4. Nxd4 Nf6 5. Nc3 e6 6. a3 Be7 7. g3 $5 Qb6 8.
Ndb5 Ne5 9. Bg2 Nxc4 10. Qa4 a6 11. Qxc4 axb5 12. Qxb5 Qxb5 13. Nxb5 O-O 14.
Nc7 Ra4 (14... Ra5 15. Bd2 Rc5 16. Bb4 Rxc7 17. Bxe7 $16) 15. b3 Ra5 16. a4 d5
17. Bd2 Rc5 18. Nb5 Rc6 19. Nd4 Rc7 20. O-O Bd7 21. Rfd1 Ra8 22. Bf4 Rc3 23. h3
Be8 (23... Kf8 $5) 24. Kf1 Kf8 25. h4 Bd7 26. Bf3 Be8 27. Rac1 Rac8 28. Rxc3
Rxc3 29. Bd2 Rc8 30. e3 Bd7 31. Be1 e5 32. Nb5 Rc2 33. Nc3 (33. Bxd5 $2 Nxd5
34. Rxd5 Bh3+ 35. Kg1 Rc1 36. Kh2 Be6 $19) 33... e4 34. Bg2 Bg4 35. Rb1 Bb4 36.
Nxe4 Bxe1 37. Nxf6 Rxf2+ $10 38. Kg1 (38. Kxe1 $2 Rxg2 39. Kf1 Bh3 $19) 38...
gxf6 39. Rxe1 Rd2 40. Rf1 Bd1 41. Rxf6 Bxb3 42. a5 Bc4 43. Rb6 Ra2 44. Rxb7
Rxa5 45. g4 Ra2 46. Bf3 h6 47. Rd7 Ra5 48. Kf2 Kg7 49. Rd6 Ra2+ 50. Kg3 Ra3 51.
Kf4 Ra4 52. h5 Be2+ 53. Kg3 Bxf3 54. Kxf3 Ra5 55. Rb6 Ra3 56. Rb4 Kf6 57. Kf4
Ra6 58. Rb5 Ke6 1/2-1/2

[Event "Toledo"]
[Site "Toledo"]
[Date "1991.??.??"]
[Round "8"]
[White "Azmaiparashvili, Zurab"]
[Black "Vehi Bach, Victor Manuel"]
[Result "1-0"]
[WhiteElo "2585"]
[BlackElo "2420"]
[Annotator "Ribli,Z"]
[PlyCount "63"]
[EventDate "1991.02.??"]
[EventType "tourn"]
[EventRounds "9"]
[EventCountry "ESP"]
[EventCategory "8"]
[SourceTitle "CBM 022"]
[Source "ChessBase"]
[SourceDate "1991.06.01"]
[SourceVersion "1"]
[SourceVersionDate "1991.06.01"]
[SourceQuality "1"]

1. d4 {Schussler} Nf6 2. Nf3 e6 3. g3 c5 4. Bg2 cxd4 5. Nxd4 Nc6 6. O-O Bc5 7.
Nb3 Be7 8. c4 d6 9. Nc3 O-O 10. Bf4 $1 a6 (10... Ng4 11. Rc1 Nge5 12. Nd4 Nxc4
13. Bxc6 $1 bxc6 14. Nxc6 Qd7 15. Nxe7+ Qxe7 16. b3 Ne5 17. Nb5 Rd8 18. Rc7 $16
{Adorjan}) 11. Rc1 h6 12. e4 e5 13. Be3 Na5 14. Nxa5 Qxa5 15. Qa4 $1 Qxa4 16.
Nxa4 $14 Nd7 17. Nc3 Nf6 18. Na4 Nd7 19. Rfd1 Rb8 20. b4 b5 21. Nc3 $1 bxc4 22.
Nd5 Bd8 23. Rxc4 Nb6 24. Rc6 Nxd5 25. exd5 Be7 26. a3 f5 27. f4 $1 e4 28. Bf1
Ra8 29. Rdc1 Re8 30. Rb6 a5 31. Bb5 Rf8 32. Bc6 1-0

[Event "Bled/Rogaska Slatina"]
[Site "Bled"]
[Date "1991.??.??"]
[Round "6"]
[White "Nikolic, Predrag"]
[Black "Gostisa, Leon F"]
[Result "1-0"]
[WhiteElo "2620"]
[BlackElo "2440"]
[Annotator "Ribli,Z"]
[PlyCount "53"]
[EventDate "1991.06.??"]
[EventType "tourn"]
[EventRounds "13"]
[EventCountry "SLO"]
[EventCategory "12"]
[SourceTitle "CBM 024"]
[Source "ChessBase"]
[SourceDate "1991.10.01"]
[SourceVersion "1"]
[SourceVersionDate "1991.10.01"]
[SourceQuality "1"]

1. d4 Nf6 2. Nf3 e6 3. g3 c5 4. Bg2 Nc6 5. O-O cxd4 6. Nxd4 Bc5 7. Nb3 Be7 8.
c4 d6 9. Nc3 O-O 10. Bf4 a6 (10... Ng4 11. Rc1 Nge5 12. Nb5 (12. Nd4 $5 $14)
12... a6 13. N5d4 Nxd4 14. Qxd4 Nc6 15. Qd3 e5 16. Be3 Be6 17. Rfd1 $14 {
Adorjan-Mokry Praha zt 1985 39/72}) 11. Rc1 Nh5 (11... h6 12. e4 e5 13. Be3 Na5
14. Nxa5 Qxa5 15. Qa4 Qxa4 16. Nxa4 $14 {Azmayparashvili,Z-Vehi Bach,V Toledo
1991 CBM/22}) 12. Be3 Nf6 13. Na4 Nd7 14. Qd2 $14 Rb8 15. Rfd1 Qc7 16. Bf4 $1
Nde5 17. c5 $1 d5 18. e4 dxe4 19. Bxe4 Rd8 20. Qe2 g5 21. Rxd8+ Bxd8 22. Bd2
Ng6 23. Nb6 Bf6 24. Bc3 Bxc3 25. Rxc3 Nce5 26. Qd2 Bd7 27. Bxg6 1-0

[Event "Candidates m5"]
[Site "Wijk aan Zee"]
[Date "1991.??.??"]
[Round "1"]
[White "Kortschnoj, Viktor Lvovich"]
[Black "Sax, Gyula"]
[Result "1/2-1/2"]
[WhiteElo "2615"]
[BlackElo "2605"]
[Annotator "Ribli,Z"]
[PlyCount "40"]
[EventDate "1991.01.??"]
[EventType "match"]
[EventRounds "8"]
[EventCountry "NED"]
[SourceTitle "Candidates"]
[Source "ChessBase"]
[SourceDate "1999.07.01"]
[SourceVersion "2"]
[SourceVersionDate "1999.07.01"]
[SourceQuality "1"]

1. Nf3 Nf6 2. c4 c5 3. Nc3 Nc6 4. d4 cxd4 5. Nxd4 e6 6. a3 Nxd4 7. Qxd4 b6 8.
Bf4 (8. Qf4 $1) 8... Bc5 9. Qd2 Bb7 10. e3 O-O 11. Bd6 (11. Rd1 d5 $1 12. cxd5
Nxd5 13. Nxd5 Bxd5 $15) 11... Bxd6 12. Qxd6 Rc8 13. Rd1 Ba6 (13... a6 $5) 14.
b3 Bb7 15. a4 a6 16. f3 Rc6 17. Qd2 Qe7 18. Bd3 d5 19. O-O Rc7 20. cxd5 Nxd5 {
1.48/1.47} 1/2-1/2

[Event "Candidates m5"]
[Site "Wijk aan Zee"]
[Date "1991.??.??"]
[Round "3"]
[White "Kortschnoj, Viktor Lvovich"]
[Black "Sax, Gyula"]
[Result "1/2-1/2"]
[WhiteElo "2615"]
[BlackElo "2605"]
[Annotator "Ribli,Z"]
[PlyCount "55"]
[EventDate "1991.01.??"]
[EventType "match"]
[EventRounds "8"]
[EventCountry "NED"]
[SourceTitle "Candidates"]
[Source "ChessBase"]
[SourceDate "1999.07.01"]
[SourceVersion "2"]
[SourceVersionDate "1999.07.01"]
[SourceQuality "1"]

1. Nf3 Nf6 2. c4 c5 3. Nc3 Nc6 4. d4 cxd4 5. Nxd4 e6 6. a3 Nxd4 7. Qxd4 b6 8.
Qf4 Bb7 9. e4 d6 10. Be3 (10. Bd3 $1) 10... Be7 11. Bd3 O-O 12. O-O Nd7 13. Qg3
Ne5 14. Be2 Rc8 15. b3 Bf6 16. Rac1 Ng6 17. Nb5 Bxe4 18. Qxd6 Bb2 19. Rcd1 Qf6
20. Qg3 Be5 21. f4 Bb8 22. Rd4 Bc6 23. Qg5 Qxg5 24. fxg5 Ne7 25. Nd6 Bxd6 26.
Rxd6 Nf5 27. Rd3 Nxe3 28. Rxe3 {1.53/1.54} 1/2-1/2

[Event "Beersheba"]
[Site "Beersheba"]
[Date "1991.??.??"]
[Round "?"]
[White "Greenfeld, Alon"]
[Black "Pinter, Jozsef"]
[Result "0-1"]
[WhiteElo "2520"]
[BlackElo "2565"]
[Annotator "Ribli,Z"]
[PlyCount "92"]
[EventDate "1991.07.??"]
[EventType "tourn"]
[EventRounds "10"]
[EventCountry "ISR"]
[EventCategory "11"]
[SourceTitle "CBM 025"]
[Source "ChessBase"]
[SourceDate "1991.12.01"]
[SourceVersion "1"]
[SourceVersionDate "1991.12.01"]
[SourceQuality "1"]

1. c4 c5 2. Nf3 Nf6 3. Nc3 Nc6 4. d4 cxd4 5. Nxd4 e6 6. g3 Bb4 7. Bg2 Qb6 8.
Ndb5 (8. Nb3 $5 Qa6 9. c5 b6 {Gurevich,D-De Firmian,N USA-ch 1989 CBM/19}) 8...
a6 9. Be3 Qa5 10. Nd6+ Ke7 11. Nxc8+ Raxc8 12. Bd2 Qh5 13. O-O Bd6 14. Rc1 Rhd8
15. e3 Qxd1 16. Rfxd1 Rb8 17. h3 Rdc8 18. f4 h6 19. Kh1 Ne8 20. g4 Bc7 21. a3
b6 22. Ne4 d6 23. Bc3 Na5 24. Nd2 Bd8 25. b4 Nc6 26. Ne4 Na7 27. Bd4 Nc6 28.
Bb2 (28. Bc3 $5 $10) 28... Rc7 29. b5 axb5 30. cxb5 Na5 31. Rxc7+ Bxc7 32. Nd2
d5 $1 33. Bc3 Bd6 34. a4 Rc8 35. Bxa5 bxa5 36. Nb3 Rc4 37. Ra1 Bc7 38. Nd4 Nd6
39. Rb1 Bb6 40. Nc6+ Ke8 41. Ra1 Rc3 42. Re1 Nc4 43. e4 d4 44. Ne5 Ne3 45. Bf1
f6 46. Nf3 Nc2 0-1

[Event "Rubinstein Memorial"]
[Site "Polanica Zdroj"]
[Date "1991.??.??"]
[Round "4"]
[White "Smejkal, Jan"]
[Black "Gdanski, Jacek"]
[Result "1-0"]
[WhiteElo "2555"]
[BlackElo "2430"]
[Annotator "Ribli,Z"]
[PlyCount "125"]
[EventDate "1991.09.??"]
[EventType "tourn"]
[EventRounds "11"]
[EventCountry "POL"]
[EventCategory "11"]
[SourceTitle "CBM 026"]
[Source "ChessBase"]
[SourceDate "1992.02.01"]
[SourceVersion "1"]
[SourceVersionDate "1992.02.01"]
[SourceQuality "1"]

1. Nf3 c5 2. c4 Nc6 3. d4 cxd4 4. Nxd4 Nf6 5. Nc3 e6 6. g3 Qb6 7. Nb3 Ne5 8. e4
Bb4 9. Qe2 d6 10. f4 Nc6 11. Be3 Bxc3+ 12. bxc3 Qc7 13. Bg2 e5 $5 (13... O-O $1
14. c5 dxc5 15. Bxc5 Rd8 16. e5 Na5 17. Qb5 Nxb3 18. axb3 Bd7 19. Qb4 Bc6 20.
Bd6 Qd7 21. O-O Bxg2 22. Kxg2 Qc6+ 23. Rf3 Ne4 24. Rd1 b5 25. c4 a6 26. c5 a5
$17 {Azmayparashvili,Z-Arnason,J Reykjavik op 1990 EXP/18}) 14. c5 $1 dxc5 (
14... Bg4 15. cxd6 Qxd6 16. Qd2 Qxd2+ 17. Nxd2 $14) 15. Bxc5 Bg4 16. Qe3 b6 17.
Ba3 O-O-O 18. f5 Qb7 19. h3 Qa6 $1 20. hxg4 Qxa3 21. g5 Ne8 22. O-O h6 23. f6
gxf6 24. gxh6 Qf8 25. Rfd1 Nd6 (25... Rxd1+ $5 26. Rxd1 Qxh6 27. Qd3 Nc7 28.
Qd7+ Kb7 29. Nc5+ bxc5 30. Rb1+ Nb4 31. cxb4 Qe3+ 32. Kf1 c4 $1 $13) 26. c4
Qxh6 27. Qxh6 Rxh6 28. c5 bxc5 29. Nxc5 Nd4 30. Kf2 Nb7 31. Rac1 Nxc5 32. Rxc5+
Kd7 33. Rb1 Ke6 34. Rc7 a6 35. Rb6+ Rd6 36. Rxd6+ Kxd6 37. Ra7 Nc6 38. Rxa6 Kc5
$6 (38... Rh8 $1) 39. Ra8 Rg6 40. Rc8 Kd6 41. a4 Rh6 42. Kg1 Rg6 43. Kf2 Rh6
44. Ra8 Kc7 45. Rf8 Nd8 46. a5 f5 47. exf5 Ra6 48. Bd5 Kd7 49. Bxf7 Ke7 50.
Re8+ $1 Kxf7 51. Rxd8 Rxa5 52. g4 Ra3 53. Rd6 e4 54. Re6 Rf3+ 55. Kg2 Re3 56.
Ra6 Kg7 57. Re6 Kf7 58. Rh6 Ra3 59. Rh3 e3 60. Rh6 e2 61. Re6 Ra2 62. Kf3 Ra3+
63. Kxe2 1-0

[Event "Rubinstein Memorial"]
[Site "Polanica Zdroj"]
[Date "1991.??.??"]
[Round "5"]
[White "Lautier, Joel"]
[Black "Wojtkiewicz, Aleksander"]
[Result "1/2-1/2"]
[WhiteElo "2560"]
[BlackElo "2510"]
[Annotator "Ribli,Z"]
[PlyCount "87"]
[EventDate "1991.09.??"]
[EventType "tourn"]
[EventRounds "11"]
[EventCountry "POL"]
[EventCategory "11"]
[SourceTitle "CBM 026"]
[Source "ChessBase"]
[SourceDate "1992.02.01"]
[SourceVersion "1"]
[SourceVersionDate "1992.02.01"]
[SourceQuality "1"]

1. c4 c5 2. Nf3 Nf6 3. Nc3 Nc6 4. d4 cxd4 5. Nxd4 e6 6. Bg5 Bb4 (6... Qb6 7.
Nb3 Bb4 8. Bxf6 gxf6 9. e3 Ne5 10. Rc1 Rg8 11. a3 Bxc3+ 12. Rxc3 d6 $10 {
Kortschnoj,V-Timman,J Rotterdam 1990 CBM/18}) (6... Be7 $5 7. e3 O-O 8. Be2 b6
9. O-O Bb7 10. Bxf6 $6 Bxf6 11. Ndb5 Ne7 12. Qb3 d6 13. Rfd1 Nc8 14. Rac1 a6
$10 {Lautier,J-De Firmian,N Biel-A 1990 CBM/19}) 7. Rc1 h6 8. Bxf6 (8. Bh4 $5
Qb6 9. Bxf6 gxf6 10. e3 Rg8 11. Qd2 f5 $6 12. g3 $14 {Porath-Evans Amsterdam
izt 1964}) 8... Qxf6 9. Ndb5 O-O 10. a3 Be7 11. e3 Rd8 12. Be2 a6 13. Nd4 d5
14. Nxc6 bxc6 15. O-O Rb8 16. Qc2 a5 17. Rfd1 Bd7 18. Bf3 Bd6 19. Na4 Be5 20.
Rb1 Be8 21. Be2 Bd6 22. g3 g6 23. e4 dxe4 24. Qxe4 c5 25. b3 Bf8 26. Qe3 Rd4
27. Nc3 Rbd8 28. Nb5 Rxd1+ 29. Rxd1 Rxd1+ 30. Bxd1 Bc6 31. f3 Qa1 32. Qd3 Bxb5
33. cxb5 Qxa3 34. Bc2 Qb4 35. Kg2 h5 36. Bd1 $1 Be7 (36... Bg7 $5) 37. Be2 Bf6
38. Qc4 Qd2 39. b6 Qd6 40. Qb5 Qb8 41. b7 Be7 42. Qd7 Bd6 43. f4 Qc7 44. Qc8+
1/2-1/2

[Event "Brno Morava-B"]
[Site "Brno"]
[Date "1991.??.??"]
[Round "3"]
[White "Schlosser, Philipp"]
[Black "Hracek, Zbynek"]
[Result "1/2-1/2"]
[WhiteElo "2485"]
[BlackElo "2455"]
[Annotator "Ribli,Z"]
[PlyCount "41"]
[EventDate "1991.09.??"]
[EventType "tourn"]
[EventRounds "11"]
[EventCountry "CZE"]
[EventCategory "10"]
[SourceTitle "CBM 026"]
[Source "ChessBase"]
[SourceDate "1992.02.01"]
[SourceVersion "1"]
[SourceVersionDate "1992.02.01"]
[SourceQuality "1"]

1. c4 c5 2. Nf3 Nc6 3. d4 cxd4 4. Nxd4 e6 5. g3 Bb4+ 6. Nc3 Nf6 7. Bg2 Bxc3+ (
7... O-O 8. O-O d5 (8... Qe7 9. Nc2 Bxc3 10. bxc3 Rd8 11. Ba3 d6 12. Qd2 $1 Qc7
13. Rfd1 d5 14. Ne3 $14 {Ribli,Z-Ernst,Th Subotica izt 43/38 CBM/3}) 9. cxd5
exd5 10. Bg5 Be6 11. Rc1 $14 {Titov,G-Shestoperov,A Budapest Spring op 1990
EXP/17}) (7... Qb6 8. Ndb5 $5 (8. Nb3 Qa6 9. c5 b6 10. cxb6 $6 (10. O-O $1)
10... axb6 11. Bg5 Bb7 12. O-O d5 $10 {Gurevich,D-De Firmian,N USA-ch 1989 CBM/
19}) 8... a6 9. Be3 Qa5 10. Nd6+ Ke7 11. Nxc8+ Raxc8 12. Bd2 Qh5 13. O-O Bd6
14. Rc1 Rhd8 $13 {Greenfeld,A-Pinter,J Beersheba 1991 CBM/25}) 8. bxc3 Qa5 9.
O-O $1 O-O (9... Qxc3 10. Nb5 Qxa1 11. Nc7+ Kd8 12. Nxa8 $36) 10. Qb3 d5 11.
Rd1 (11. cxd5 $1 exd5 12. Be3 Ne5 13. Rfd1 Bd7 14. a4 Rac8 15. Qb4 Qa6 16. Nb5
$16 {Tajmanov-Saharov URS-ch 1965}) 11... Ne4 12. cxd5 (12. Ba3 $5) 12... exd5
13. Nxc6 bxc6 14. c4 Be6 15. cxd5 Bxd5 16. Qa3 Qb5 17. Bf3 Nf6 18. Bf4 Bxf3 19.
exf3 Rfe8 20. Rd2 Re6 21. Rad1 1/2-1/2

[Event "Brno Morava-B"]
[Site "Brno"]
[Date "1991.??.??"]
[Round "4"]
[White "Bagirov, Vladimir"]
[Black "Schlosser, Philipp"]
[Result "1/2-1/2"]
[WhiteElo "2485"]
[BlackElo "2485"]
[Annotator "Ribli,Z"]
[PlyCount "34"]
[EventDate "1991.09.??"]
[EventType "tourn"]
[EventRounds "11"]
[EventCountry "CZE"]
[EventCategory "10"]
[SourceTitle "CBM 026"]
[Source "ChessBase"]
[SourceDate "1992.02.01"]
[SourceVersion "1"]
[SourceVersionDate "1992.02.01"]
[SourceQuality "1"]

1. Nf3 c5 2. c4 Nc6 3. d4 cxd4 4. Nxd4 Nf6 5. Nc3 e6 6. a3 Be7 $5 7. e4 (7. e3
d5 8. cxd5 exd5 9. Bb5 Bd7 10. Nf3 a6 11. Be2 Bg4 $10 {Kortschnoj,V-Sax,G Wijk
cm 1991 51/(46) CBM/22}) 7... O-O 8. Be2 d5 $1 $10 9. exd5 exd5 10. Nxc6 bxc6
11. cxd5 Nxd5 12. Nxd5 cxd5 13. O-O Bf6 14. Bd3 a5 15. Qc2 g6 16. Bf4 Qb6 17.
Rab1 Ba6 1/2-1/2